LEADER 04751nam 2200601Ia 450 001 9910456500803321 005 20200520144314.0 010 $a1-61668-574-3 035 $a(CKB)2550000000010780 035 $a(EBL)3018000 035 $a(SSID)ssj0000424030 035 $a(PQKBManifestationID)11299307 035 $a(PQKBTitleCode)TC0000424030 035 $a(PQKBWorkID)10469696 035 $a(PQKB)10123025 035 $a(MiAaPQ)EBC3018000 035 $a(Au-PeEL)EBL3018000 035 $a(CaPaEBR)ebr10658922 035 $a(OCoLC)923654679 035 $a(EXLCZ)992550000000010780 100 $a20081222d2009 uy 0 101 0 $aeng 135 $aur|n|---||||| 181 $ctxt 182 $cc 183 $acr 200 00$aNew permafrost and glacier research$b[electronic resource] /$fMax I. Krugger and Harry P. Stern, editors 210 $aHauppauge, NY $cNova Science Publishers$dc2009 215 $a1 online resource (326 p.) 300 $aDescription based upon print version of record. 311 $a1-60692-616-0 320 $aIncludes bibliographical references and index. 327 $a""NEW PERMAFROST AND GLACIER RESEARCH ""; ""NEW PERMAFROST AND GLACIER RESEARCH ""; ""CONTENTS ""; ""PREFACE""; ""PERMAFROST""; ""GEOTECHNICAL CONSIDERATIONS AND TECHNICAL SOLUTIONS FOR INFRASTRUCTURE IN MOUNTAIN PERMAFROST ""; ""ABSTRACT""; ""INTRODUCTION ""; ""MOUNTAIN INFRASTRUCTURE AND ALPINE PERMAFROST ""; ""SOME ASPECTS OF ALPINE PERMAFROST HYDROLOGY ""; ""GEOTECHNICAL PROPERTIES OF ALPINE PERMAFROST""; ""GEOTHERMAL CONSIDERATIONS IN ALPINE PERMAFROST""; ""DESIGN PROCESS""; ""SITE INVESTIGATION ""; ""LABORATORY TESTING ""; ""MONITORING OF ENVIRONMENT AND STRUCTURE "" 327 $a""CONSTRUCTION CHALLENGES IN MOUNTAIN ENVIRONMENTS """"CASE HISTORIES, PROBLEMS AND TECHNICAL SOLUTIONS ""; ""CONCLUSION ""; ""REFERENCES ""; ""PERMAFROST MODELING IN WEATHER FORECASTS AND CLIMATE PROJECTIONS""; ""ABSTRACT ""; ""INTRODUCTION ""; ""THEORY OF SOIL PHYSICS ""; ""SIMULATING FROZEN GROUND""; ""UNCERTAINTY IN PERMAFROST MODELING""; ""SIMULATING WILDFIRE IMPACTS ""; ""CHALLENGES ""; ""EVALUATION ""; ""FUTURE DIRECTIONS ""; ""REFERENCES""; ""MULTIDRUG-RESISTANT BACTERIA IN PERMAFROST: ISOLATION, BIODIVERSITY, PHENOTYPIC AND GENOTYPIC ANALYSIS ""; ""ABSTRACT""; ""INTRODUCTION "" 327 $a""?”HARACTERIZATION OF PERMAFROST SEDIMENTS""""ISOLATION AND PRIMARY CHARACTERIZATION OF ANTIBIOTIC RESISTANT STRAINS FROM PERMAFROST ""; ""STUDY OF ANTIBIOTIC RESISTANCE SPECTRUM OF PERMAFROST STRAINS""; ""LOCALIZATION OF RESISTANCE DETERMINANTS IN GENOMES OF PERMAFROST STRAINS""; ""IDENTIFICATION OF RESISTANCE DETERMINANTS IN PERMAFROST BACTERIAL STRAINS""; ""CONCLUSION ""; ""ACKNOWLEDGEMENTS ""; ""REFERENCES""; ""SIMILARITIES BETWEEN THE RECENT PERMAFROST IN NORTH-WESTERN CANADA AND THE PLEISTOCENE RELICT CRYOGENIC FORMS IN CENTRAL EUROPE (HUNGARY)""; ""ABSTRACT ""; ""INTRODUCTION "" 327 $a""DISTRIBUTION OF PERMAFROST IN CANADA """"CRYOGENIC FEATURES IN CANADA""; ""DESCRIPTION OF SITES IN HUNGARY""; ""RELICT CRYOGENIC FORMS IN HUNGARY ""; ""CRYOGENIC FEATURES AND THEIR IMPLICATION FOR PALAEOCLIMATE ""; ""CONCLUSION""; ""REFERENCES ""; ""PERIGLACIAL LANDFORMS AND PROCESSES ON DISKO ISLAND, GREENLAND""; ""ABSTRACT""; ""INTRODUCTION ""; ""STUDY AREA""; ""ROCK GLACIERS ""; ""PINGOS ""; ""PERIGLACIAL WEATHERING PROCESSES ""; ""PATTERNED GROUND AND ACTIVE LAYER PHENOMENA""; ""FLUVIAL AND COASTAL LANDFORMS AND PROCESSES""; ""CONCLUSION ""; ""ACKNOWLEDGEMENTS ""; ""REFERENCES "" 327 $a""MOUNTAIN PERMAFROST DEGRADATION IN THE NEPAL HIMALAYAS AND THE RUSSIA ALTAI MOUNTAINS""""ABSTRACT""; ""PERMAFROST STUDIES IN NEPAL HIMALAYAS""; ""KHMBU HIMAL""; ""MEASUREMENTS OF GROUND TEMPERATURE LAPSE RATES AT 50-CM DEPTH AND PIT SURVEYS ""; ""THE LAPSE RATE CHANGE OF THE GT50 IN 1973 AND 2004 ""; ""FINDING OF THE FROZEN LAYER""; ""PERMAFROST DEGRADATION BETWEEN 1973 AND 2004""; ""PERMAFROST STUDIES IN RUSSIA ALTAI ""; ""THE SOUTH CHUYSKIY RANGE ""; ""PHENOMENA RELATED TO PERMAFROST DEGRADATION""; ""CONCLUSION ""; ""REFERENCES ""; ""GLACIERS"" 327 $a""THE FORMER GLACIATION OF HIGH- (TIBET) AND CENTRAL ASIA AND ITS GLOBAL CLIMATIC IMPACT - AN ICE AGE THEORY WITH A REMARK ON POTENTIAL WARMER CLIMATIC CYCLES IN THE FUTURE "" 606 $aPermafrost 606 $aGlaciers 608 $aElectronic books. 615 0$aPermafrost. 615 0$aGlaciers. 676 $a551.3/84 701 $aKrugger$b Max I$0917546 701 $aStern$b Harry P$0917547 801 0$bMiAaPQ 801 1$bMiAaPQ 801 2$bMiAaPQ 906 $aBOOK 912 $a9910456500803321 996 $aNew permafrost and glacier research$92057217 997 $aUNINA LEADER 00821nam a2200229 i 4500 001 991003974069707536 005 20020509151651.0 008 960401s1988 it ||| | ita 035 $ab11242772-39ule_inst 035 $aPARLA192449$9ExL 040 $aDip.to Scienze dell'Antichitą$bita 100 1 $aSalvatore, Armando$0158131 245 10$aPagine tacitiane /$cArmando Salvatore 260 $aNapoli :$bLoffredo,$c(stampa 1988) 300 $a177 p. ;$c24 cm. 650 4$aTacito, Publio Cornelio 907 $a.b11242772$b02-04-14$c01-07-02 912 $a991003974069707536 945 $aLE007 870.1 Tacitus SAL 01.502$g1$i2015000105059$lle007$o-$pE0.00$q-$rl$s- $t0$u0$v0$w0$x0$y.i11401345$z01-07-02 996 $aPagine tacitiane$9868654 997 $aUNISALENTO 998 $ale007$b01-01-96$cm$da $e-$fita$git $h0$i1 LEADER 02009nem 2200613 450 001 9910713586303321 005 20200512125634.0 035 $a(CKB)5470000002501797 035 $a(OCoLC)1154016204 035 $a(EXLCZ)995470000002501797 100 $a20200512d1985 ua 101 0 $aeng 120 $aa|||||||||||| 121 $a||||||||| 124 $bd 135 $aur||||||||||| 181 $ccri$2rdacontent 182 $cc$2rdamedia 183 $acr$2rdacarrier 200 10$aAltitude and configuration of the water table in the High Plains aquifer in Kansas, 1980 /$fby M.E. Pabst and L.E. Stullken 205 $a[Water-resources investigations edition]. 210 1$a[Reston, Va.] :$cDepartment of the Interior, United States Geological Survey,$d1985. 215 $a1 online resource (1 map) 225 1 $aWater-resources investigations ;$v85-4009 300 $aRelief shown by contours and spot heights. 300 $aBlue line print. 300 $a"Open-file report 81-1004"--Struck out on margin. 300 $a"85-4009"--Hand-lettered in margin. 320 $aIncludes text and bibliographical references. 606 $aGroundwater$zKansas$vMaps 606 $aAquifers$zKansas$vMaps 606 $aWater table$zKansas$vMaps 606 $aAquifers$2fast 606 $aGroundwater$2fast 606 $aWater table$2fast 607 $aHigh Plains Aquifer$vMaps 607 $aKansas$2fast 607 $aUnited States$zHigh Plains Aquifer$2fast 608 $aMaps.$2fast 608 $aMaps.$2lcgft 615 0$aGroundwater 615 0$aAquifers 615 0$aWater table 615 7$aAquifers. 615 7$aGroundwater. 615 7$aWater table. 702 $aPabst$b Marilyn E. 702 $aStullken$b Lloyd E. 801 0$bGPO 801 1$bGPO 906 $aBOOK 912 $a9910713586303321 996 $aAltitude and configuration of the water table in the High Plains aquifer in Kansas, 1980$93324168 997 $aUNINA LEADER 02720nam 22006373u 450 001 9910971807703321 005 20230725050545.0 010 $a9786613152251 010 $a9780857735492 010 $a0857735497 010 $a9781785398506 010 $a1785398504 010 $a9781283152259 010 $a1283152258 010 $a9780857719621 010 $a0857719629 035 $a(CKB)2550000000039736 035 $a(EBL)738295 035 $a(OCoLC)742333550 035 $a(SSID)ssj0000541282 035 $a(PQKBManifestationID)12177734 035 $a(PQKBTitleCode)TC0000541282 035 $a(PQKBWorkID)10498709 035 $a(PQKB)11111302 035 $a(MiAaPQ)EBC5245962 035 $a(Perlego)919629 035 $a(EXLCZ)992550000000039736 100 $a20130610d2011|||| u|| | 101 0 $aeng 181 $ctxt 182 $cc 183 $acr 200 10$aSikhism $eAn Introduction 210 $aLondon $cI.B.Tauris$d2011 215 $a1 online resource (289 p.) 225 0 $aI.B. Tauris introductions to religion Sikhism 300 $aDescription based upon print version of record. 311 08$a9781848853201 311 08$a1848853203 327 $aCover; Contents; Introduction; I. Guru Nanak and the Origins of Sikhism; II. Guru Arjan and the Crystallization of the Skh Faith; Chapter III. Guru Gobind and the Cultivation of Sikh Identity; IV. Sikh Metaphysics, Ethics and Esthetics; V. Worship, Ceremonies and Rites of Passage; VI. Feminist Text in a Patriarchal Context; VII. Colonial Encounters; VIII. Sikh Art; IX. Sikhs in the Diaspora; Glossary of Names and Terms; Illustration, Map and Picture Credits; Select Bibliography; Index 330 $aAlmost from the moment, some five centuries ago, that their religion was founded in the Punjab by Guru Nanak, Sikhs have enjoyed a distinctive identity. This sense of difference, forged during Sikhism's fierce struggles with the Mughal Empire, is still symbolised by the 'Five Ks' ('panj kakar', in Punjabi), those articles of faith to which all baptised Sikhs subscribe: uncut hair bound in a turban; comb; special undergarment; iron bracelet and dagger (or kirpan) - the unique marks of the Sikh military fraternity (the word Sikh means 'disciple' in Punjabi). Yet for all its ongoing attachment to 606 $aSikhism 606 $aSikhism 615 4$aSikhism. 615 0$aSikhism. 676 $a294.6 676 $a294.6 700 $aSingh$b Nikky-Guninder$01814170 702 $aSingh$b Nikky-Guninder Kaur 801 0$bAU-PeEL 801 1$bAU-PeEL 801 2$bAU-PeEL 906 $aBOOK 912 $a9910971807703321 996 $aSikhism$94367841 997 $aUNINA